Films de Noël - Statistiques

Statistiques générales
  • Ce quiz a été pris 57 fois
  • Le résultat moyen est 9 sur 20
Statistiques - réponses
Années Résumés Films % Correct
2000 Une créature verte et poilue qui déteste tout le monde, et encore plus Noël, fait tout pour gâcher le Noël des habitants de Chouville. Le Grinch
93%
1990 Un enfant se retrouve seul chez lui après avoir été oublié par sa famille au moment de partir en vacances, et devra faire face à un duo de cambrioleurs. Maman, j'ai raté l'avion !
93%
1982 Le soir du réveillon de Noël, à la permanence téléphonique de l'association "SOS Détresse Amitié", quelques bénévoles de service sont perturbés par l'arrivée inattendue de personnages marginaux et farfelus. Le père Noël est une ordure
87%
1984 Un homme offre une créature mignonne à son fils avec certaines consignes. Involontairement, ces consignes ne sont pas respectées et la créature se multiplie et les doubles se transforment en créatures terrifiantes qui saccagent la ville. Gremlins
74%
1988 La veille de Noël, lors d'une fête dans la tour de la compagnie Nakatomi Corporation, un criminel allemand, avec l'aide de son équipe, prend tout ceux qui se trouvent à l'intérieur de la tour en otage, à l'exception de John McClane, le mari policier de l'une des employées. John McClane fera alors tout ce qu'il peut pour sauver sa femme et les personnes retenues en otage. Piège de cristal
63%
2004 Un jeune garçon qui commence à douter de l’existence du Père Noël monte dans un train mystérieux et part en direction du pôle Nord. Le Pôle Express
61%
1993 Le roi des citrouilles de la ville d'Halloween découvre un passage vers la ville de Noël et crée un mélange des deux fêtes. L'Étrange Noël de monsieur Jack
57%
2005 Durant la Première Guerre mondiale, des soldats allemands, écossais et français font une trêve au milieu des tranchées au moment des fêtes de Noël. Joyeux Noël
50%
2003 Un ensemble d'histoires racontant le destin d'une rock-star, un écrivain, un Premier ministre, et différents autres personnages. Toutes se déroulent à Noël ou lors des jours précédents. Love Actually
48%
2021 Une famille de Bouzolles crée une fabrique d'un jouet que l'entreprise Magazone tente de faire fermer par divers moyens. Les Tuche 4
46%
2012 Un groupe de personnages mythiques constitué du Père Noël, de la Fée des dents, du Marchand de sable et du Lapin de Pâques à la charge de protéger les espoirs et les rêves des enfants. Mais ceux-ci sont maintenant mis en danger par le Croquemitaine. Pour vaincre cette menace, ils ont besoin d'un nouvel allié en la personne de Jack Frost. Les Cinq Légendes
41%
1996 La veille de Noël, un père de famille tente par tous les moyens d'obtenir le Turbo Man que son fils a commandé au Père Noël et qu'il a oublié de lui acheter. La Course au jouet
37%
2017 A quelques jours de Noël, tous les lutins du Père Noël tombent malades. Dans sa recherche d'un médicament, le Père Noël se retrouve à Paris et une famille l'aide à trouver suffisamment de vitamine C pour sauver les lutins et Noël. Santa & cie
26%
2010 Le Père Noël doit choisir un enfant qu'il formera afin de le remplacer. L'heureux élu devra s'appeler Nicolas, être orphelin et avoir le cœur pur. Un petit garçon répond parfaitement à ces critères, mais son manque de confiance en lui et son vertige en font un piètre candidat. L'Apprenti Père Noël
24%
2024 Lorsque le Père Noël se fait kidnapper par une sorcière, le chef de la sécurité du Père Noël s'associe avec le chasseur de primes responsable de leur localisation pour retrouver le Père Noël. Red One
22%
1994 En interpellant un homme sur le toit de sa maison, Scott Calvin le fait tomber avant qu'il ne disparaisse, ne laissant qu'une tenue de Père Noël derrière lui. Poussé par son fils, Scott enfile la tenue et devient par conséquent le nouveau Père Noël. Super Noël
22%
2019 Une jeune femme du nom de Kate accepte un emploi de lutin de Noël dans un grand magasin londonien. Elle va y faire la rencontre de Tom, un inconnu qui va bousculer sa vie à jamais. Last Christmas
20%
2011 Le soir de Noël, alors que la tournée semble s'être bien passée, il reste un cadeau qui n'a pas été livré. Cette erreur ne semble pas attrister le fils aîné du Père Noël, contrairement au fils cadet qui, avec l'aide de son grand-père, va faire tout son possible pour apporter ce dernier cadeau. Mission : Noël
11%
2022 Lors du réveillon de Noël, une richissime famille est prise en otage par un groupe de mercenaires. Le Père Noël arrive également auprès de cette famille lors de sa tournée, et intervient pour les sauver. Violent Night
9%
2025 Zoé, une petite fille de 8 ans, souhaite un fusil à billes pour Noël, afin de se venger de son camarade de classe qui l'ennuie. Mais le Père noël lui apporte un autre cadeau. Zoé se met alors à la recherche du Père Noël afin d'obtenir le cadeau qu'elle avait demandé. À la poursuite du Père Noël !
4%
Aucun quiz correspondant
Distribution des résultats
% des personnes avec chaque résultat
Percentile par nombre de réponses
Votre historique - résultats
Vous n’avez pas pris ce quiz